<?xml version="1.0" encoding="UTF-8"?>
<record
    xmlns:xsi="http://www.w3.org/2001/XMLSchema-instance"
    xsi:schemaLocation="http://www.loc.gov/MARC21/slim http://www.loc.gov/standards/marcxml/schema/MARC21slim.xsd"
    xmlns="http://www.loc.gov/MARC21/slim">

  <leader>01768cam a22003375a 4500</leader>
  <controlfield tag="001">014542185</controlfield>
  <controlfield tag="003">OSt</controlfield>
  <controlfield tag="005">20180510104337.0</controlfield>
  <controlfield tag="008">070712s2007    ke a   frb    000 0 eng d</controlfield>
  <datafield tag="020" ind1=" " ind2=" ">
    <subfield code="a">9789280728279</subfield>
  </datafield>
  <datafield tag="040" ind1=" " ind2=" ">
    <subfield code="a">GUL</subfield>
    <subfield code="b">eng</subfield>
    <subfield code="c">GUL</subfield>
    <subfield code="d">Uk</subfield>
    <subfield code="d">EG-ScBUE</subfield>
  </datafield>
  <datafield tag="082" ind1="0" ind2="4">
    <subfield code="2">22</subfield>
    <subfield code="a">363.7387</subfield>
    <subfield code="b">REP</subfield>
  </datafield>
  <datafield tag="110" ind1="2" ind2=" ">
    <subfield code="a">United Nations Environment Programme.</subfield>
    <subfield code="b">Methyl Bromide Technical Options Committee.</subfield>
  </datafield>
  <datafield tag="245" ind1="1" ind2="0">
    <subfield code="a">2006 report of the Methyl Bromide Technical Options Committee :</subfield>
    <subfield code="b">2006 assessment /</subfield>
    <subfield code="c">UNEP.</subfield>
  </datafield>
  <datafield tag="246" ind1="1" ind2="5">
    <subfield code="a">UNEP 2006 report of the Methyl Bromide Technical Options Committee</subfield>
  </datafield>
  <datafield tag="246" ind1="3" ind2=" ">
    <subfield code="a">Report of the Methyl Bromide Technical Options Committee</subfield>
  </datafield>
  <datafield tag="246" ind1="1" ind2=" ">
    <subfield code="i">At head of title:</subfield>
    <subfield code="a">Montreal Protocol on Substances that Deplete the Ozone Layer</subfield>
  </datafield>
  <datafield tag="260" ind1=" " ind2=" ">
    <subfield code="a">Nairobi :</subfield>
    <subfield code="b">United Nations Environment Programme,</subfield>
    <subfield code="c">2007.</subfield>
  </datafield>
  <datafield tag="300" ind1=" " ind2=" ">
    <subfield code="a">xxi, 453 p. :</subfield>
    <subfield code="b">ill. ;</subfield>
    <subfield code="c">30 cm.</subfield>
  </datafield>
  <datafield tag="504" ind1=" " ind2=" ">
    <subfield code="a">Includes bibliographical references.</subfield>
  </datafield>
  <datafield tag="530" ind1=" " ind2=" ">
    <subfield code="a">Also available via the Internet. Address as of 7/12/2007: http://ozone.unep.org/Assessment_Panels/TEAP/Reports/MBTOC/MBTOC-2006-Assessment%20Report.pdf.</subfield>
  </datafield>
  <datafield tag="630" ind1="0" ind2="7">
    <subfield code="a">Vienna Convention for the Protection of the Ozone Layer</subfield>
    <subfield code="d">(1985).</subfield>
    <subfield code="k">Protocols, etc.</subfield>
    <subfield code="d">1987 September 15.</subfield>
  </datafield>
  <datafield tag="650" ind1=" " ind2="7">
    <subfield code="a">Ozone layer depletion</subfield>
    <subfield code="x">Environmental aspects.</subfield>
    <subfield code="2">BUEsh</subfield>
  </datafield>
  <datafield tag="650" ind1=" " ind2="7">
    <subfield code="a">Ozone layer depletion</subfield>
    <subfield code="x">Law and legislation.</subfield>
    <subfield code="2">BUEsh</subfield>
  </datafield>
  <datafield tag="650" ind1=" " ind2="7">
    <subfield code="a">Ozone-depleting substances.</subfield>
    <subfield code="2">BUEsh</subfield>
  </datafield>
  <datafield tag="653" ind1=" " ind2=" ">
    <subfield code="b">GGEN</subfield>
    <subfield code="c">May2018</subfield>
  </datafield>
  <datafield tag="710" ind1="2" ind2="7">
    <subfield code="a">United Nations Environment Programme.</subfield>
    <subfield code="b">Ozone Secretariat.</subfield>
  </datafield>
  <datafield tag="730" ind1="0" ind2="7">
    <subfield code="a">Vienna Convention for the Protection of the Ozone Layer</subfield>
    <subfield code="d">(1985).</subfield>
    <subfield code="k">Protocols, etc.</subfield>
    <subfield code="d">1987 September 15.</subfield>
  </datafield>
  <datafield tag="856" ind1="4" ind2="1">
    <subfield code="u">http://ozone.unep.org/Assessment_Panels/TEAP/Reports/MBTOC/MBTOC-2006-Assessment%20Report.pdf</subfield>
    <subfield code="z">Connect to electronic version</subfield>
  </datafield>
  <datafield tag="942" ind1=" " ind2=" ">
    <subfield code="2">ddc</subfield>
  </datafield>
  <datafield tag="999" ind1=" " ind2=" ">
    <subfield code="c">26686</subfield>
    <subfield code="d">26658</subfield>
  </datafield>
  <datafield tag="952" ind1=" " ind2=" ">
    <subfield code="0">0</subfield>
    <subfield code="1">0</subfield>
    <subfield code="2">ddc</subfield>
    <subfield code="4">0</subfield>
    <subfield code="7">0</subfield>
    <subfield code="a">MAIN</subfield>
    <subfield code="b">MAIN</subfield>
    <subfield code="c">1ST</subfield>
    <subfield code="d">2018-05-10</subfield>
    <subfield code="l">0</subfield>
    <subfield code="o">363.7387 REP</subfield>
    <subfield code="p">000047737</subfield>
    <subfield code="r">2025-07-15 00:00:00</subfield>
    <subfield code="y">BB</subfield>
  </datafield>
</record>
